1121 1916 1350 1018 1835 1295 1773 1678 1829 1285 1734 1448 1397 1671 1502 1850 1045 1777 1501 1205 1813 1297 1108 1268 1319 1252 1698 1648 1572 1916 1338 1697 1531 1780 1267 1368 1485 1667 1640 1532 1488 1012 1484 1280 1980 1130 1961 1702 1299 1524 1466 1647 1557 1545 1248 1156 1861 1922 1829 1400 1397 1126 1357 1850 1308 1222 1265 1726 1182 1019 1348 1167 1344 1553 1291 1982 1484 1046 1936 1496 1269 1018 1587 1356 1016 1199 1552 1572 1455 1070 1077 1434 1160 1402 1376 1339 1617 1179 1103 BCNSPRNW ULIB Ver.6.0+V

เปลี่ยนเป็นภาษาไทย

Change to English
 แสดงรายละเอียดบรรณานุกรม
  กลับหน้าหลัก

Brief Record : Get Marc (ISO 2709) : E-mail record : QR code < ปิดหน้าต่าง
LEADER : 00000nam 2200000uu 4500
001    13399110214
003     ULIB
008    110426s2552||||th 000 0 tha d
020    9789746724319
060 04 WL335^bก674ต 2552
245 00 ตำราพยาธิสรีรวิทยาและการรักษาโรคหลอดเลือดแดงคาโรติดตีบตัน= Pathophysiology and management in carotid artery stenosis /^cกิตติพันธุ์ ฤกษ์เกษม, บรรณาธิการ
246 31 Pathophysiology and management in carotid artery stenosis
250    พิมพ์ครั้งที่ 1
260    เชียงใหม่ :^bภาควิชาศัลยศาสตร์ คณะแพทยศาสตร์มหาวิทยาลัยเชียงใหม่,^c2552
300    xv, 284 หน้า :^bภาพประกอบ
504    มีบรรณานุกรมและดรรชนีประกอบ
650  2 Carotid stenosis^xPhysiopathology
650  2 Carotid stenosis^xTherapy
700 00 กิตติพันธุ์ ฤกษ์เกษม,^eบรรณาธิการ
710 20 มหาวิทยาลัยเชียงใหม่.^bคณะแพทยศาสตร์.^bภาควิชาศัลยศาสตร์
945    ^p700^l0^i027221
945    ^p700^l0^i027220
945    ^p700^l0^i027219
995     ทศพร
999 ^a ใช้งานได้ทุกระบบ
รายการนี้ยังไม่มีแท็ก
คุณยังไม่ได้ล็อกอิน คุณสามารถมีกิจกรรมร่วมกับเว็บไซต์ได้ แต่ต้องล็อกอินก่อน ::
  ล็อกอิน

รายการสื่อสารสนเทศ

ลำดับที่ ประเภท เลขเรียก/บาร์โค้ด สถานที่ สถานะ
- ไม่พบข้อมูล -

BibComment


ยังไม่เคยถูกคอมเมนท์

คอมเมนท์ทรัพยากรรายการนี้
  คอมเมนท์: ตำราพยาธิสรีรวิทย..


 Copyright 2026. Bcnsprnw @Library